000 00464nab a2200145Ia 4500
003 ES-SlBCS
005 20210601125441.0
008 140529s1972 xxu||||| |||| 00| 0 eng d
041 _aeng
100 1 _aWood, Allen W.
_9135472
245 0 0 _aMarx's Critical Anthropology: Three Recent Interpretations
_c Allen W. Wood
600 1 4 _aMarx, Karl
_d, 1818-1883
_994285
773 0 _tReview of Methaphysics
_gvol. 26, nº. 101, 1972, págs. 118-139
_wRev843
942 _cAR
999 _c530544
_d530544